Sistema Internacional de pesos y medidas unidades y conversiones

Bibliographic Details
Main Author: Víquez Carazo, Manuel
Format: Section = Libro
Language:Undetermined
Spanish
Published: Costa Rica Tecnología de Costa Rica 1983
Subjects:
LEADER 00520nam a2200181Ia 4500
008 240829s9999 xx 000 0 und d
020 |a 84-89400-13-X 
040 |a BIBLIOTECA-RUPAP 389.1 V812 
041 |a spa 
082 |a 389.1 V812 
100 1 |a Víquez Carazo, Manuel 
245 1 0 |a Sistema Internacional de pesos y medidas unidades y conversiones 
260 |a Costa Rica  |b Tecnología de Costa Rica  |c 1983 
300 |a 190 p. :il. 
650 7 |a PESAS Y MEDIDAS. I. Tít. 
942 |c BK  |2 ddc 
991 |a TEXTO 
999 |c 7324